LEADER 01031nam a2200253 i 4500 001 000000132294 003 CaOOAMICUS 005 20041206000000.0 008 041206s1981 it u000 u ita u 013 $a105237 040 $aSeMil$bita 100 1 $aBarberi, Francesco.$0(OLS)http://semarc/name/25263 245 10$aPer una storia del libro :$bprofili, note, ricerche /$cFrancesco Barberi. 260 $aRoma :$bBulzoni,$ccopyr. 1981. 300 $a450 p. ;$c21 cm. 490 0 $aIl bibliotecario ;$v7 500 $aContiene : Nota bibliografica. 650 4$aLibri - Storia.$0(OLS)http://semarc/subject/1256 650 4$aTipografia - Storia.$0(OLS)http://semarc/subject/4892 830 3$aIl bibliotecario ;$v7.$0(OLS)http://semarc/title/16762 850 $aSeMil 852 $aSeMil$W1$xVenegono$y1$m3Y II 48$j259098$B86211$CSeMilBibl$Z2$F89983 $81 996 $6245$aPer una storia del libro :$bprofili, note, ricerche$9(OLS)http://semarc/title/194386 996 $6260$aRoma :$bBulzoni$9(OLS)http://semarc/publisher/30302 LEADER 00948nam a2200205 i 4500 001 000000071356 003 CaOOAMICUS 005 20130625000000.0 008 130625s1898 it u000 u ita u 013 $a42528 040 $aSeMil$bita 100 1 $aAmbrosi, Luigi <1870-1924>.$0(OLS)http://semarc/name/808 245 13$aLa psicologia della immaginazione nella storia della filosofia :$b(esposizione e critica) /$cLuigi Ambrosi. 260 $aRoma :$bSocietà Editrice Dante Alighieri,$c1898. 300 $aXXXIV, 562 p. ;$c24 cm. 650 4$aImmaginazione - Filosofia.$0(OLS)http://semarc/subject/13528 850 $aSeMil 852 $aSeMil$W1$xVenegono$y1$m2P IV 43 FA$j37509$B37509$CSeMilBibl$Z2$F37512 $8I 996 $6245$aLa psicologia della immaginazione nella storia della filosofia :$b(esposizione e critica)$9(OLS)http://semarc/title/114753 996 $6260$aRoma :$bSocietà Editrice Dante Alighieri$9(OLS)http://semarc/publisher/36503